000 01196nam a2200337 c 4500
999 _c161665
_d161665
003 BLK
005 20220225125020.0
008 180410b bul|||||r ||||||| ||bul||
010 _aKNG00168997000
040 _aBLK
041 _aBUL
_cBUL
072 7 _2bullib
_aЯ
_xАвтографи
072 7 _2bullib
_aК
_xКраезнание
080 _aБългарска литература
_b821.163.2
_x-1
_z821.163.2-1
080 _aБългарска литература
_b821.163.2
_x-193.2
_z821.163.2-193.2
100 1 _aКоларов, Иван Стоянов
_eпърви автор
_9372482
139 _aКоларов, Иван Стоянов
_bК 77
245 1 0 _aЗазоряване
_bСтихотворения, епиграми
_cИван Стоянов Коларов.
257 _aBGR
260 _bДърж. изд.
_c1964
300 _a56 с.
_c18 см
380 _aX
500 _a2 080 тир.
659 _aК
659 _aЯ
852 _aЦб І 7016
852 _aК 821.163.2/К 77 И
856 4 _qpdf
856 4 _qpdf
942 _cKNG
_n0
_s1
944 _aCR
_c18.12.2014
_l18.12.2014 - от С1,Р / 18.12.2014
_kНора_Радева
944 _aED
_c18.12.2014
_l18.12.2014 - от С1,Р / 18.12.2014
999 _d161665